000 00409nam a22001577a 4500
003 OSt
005 20211117151714.0
008 211117b |||||||| |||| 00| 0 eng d
020 _a0-8493-3870-0
040 _cHawassa university
050 _a664/CRC
082 _a664/CRC
245 _aCrc handbook of processing and utilization in agriculture
260 _aNew york
_b CRC
_c1983
942 _2ddc
_cBOOKS
_n0
999 _c18779
_d18779